000 00391nam a2200133Ia 4500
008 220217s9999||||xx |||||||||||||| ||und||
020 _a81-203-1484-0
082 _a006.42 GOS
100 _aGose, Earl and Johnsonbaugh, Richard
_92130
245 0 _aPattern recognition and image analysis
260 _aPrentice hall of india
_bNew Delhi
_c2000
300 _b295
650 _aMULTIMEDIA
999 _c168320
_d168320